UEFA Euro 2028 Countries - Statistics

General Stats
  • This quiz has been taken 109 times
  • The average score is 5 of 5
Answer Stats
Answer % Correct
England
100%
Republic of Ireland
90%
Scotland
89%
Wales
89%
Northern Ireland
88%
No matching quizzes found
Score Distribution
Percent of People with Each Score
Percentile by Number Answered
Your Score History
You have not taken this quiz